[Event "NCA-chT final"]
[Site "Managua"]
[Date "2019.11.03"]
[Round "5.4"]
[White "Espinoza Solano, Jose Nahum"]
[Black "Leon Sandoval, Johan"]
[Result "1-0"]
[WhiteElo "1875"]
[BlackElo "1603"]
[PlyCount "87"]
[EventDate "2019.10.26"]
[EventType "team-tourn"]
[EventRounds "11"]
[EventCountry "NCA"]
[SourceTitle "EXT 2021"]
[Source "ChessBase"]
[SourceDate "2020.10.23"]
[SourceVersion "1"]
[SourceVersionDate "2020.10.23"]
[SourceQuality "1"]
[WhiteTeam "Ramirez de Arellano Academia"]
[BlackTeam "Nicaragua CC"]
[WhiteTeamCountry "NCA"]
[BlackTeamCountry "NCA"]

1. e4 g6 2. d4 Bg7 3. Nc3 d6 4. Be3 Nf6 5. f3 Nbd7 6. Qd2 h6 7. 0-0-0 a6 8. g4 c6 9. e5 dxe5 10. dxe5 Nd5 11. Nxd5 cxd5 12. Qxd5 Bxe5 13. Bc4 e6 14. Qe4 Qc7 15. f4 Bg7 16. Bb3 0-0 17. Ne2 Nf6 18. Qf3 Bd7 19. Rhg1 Bc6 20. Qh3 Nd5 21. Bd2 a5 22. f5 a4 23. Bxd5 Bxd5 24. Bc3 Bxa2 25. f6 Bh8 26. Qxh6 Rfc8 27. Rg3 Bxf6 28. Rh3 e5 29. Qh7+ Kf8 30. Bb4+ Qe7 31. Bxe7+ Kxe7 32. Qh6 Be6 33. Rc3 Rh8 34. Qe3 Bxg4 35. Qc5+ Ke8 36. Qb5+ Kf8 37. Qb4+ Kg7 38. Qxg4 Rxh2 39. Rh3 Rf2 40. Rdh1 Rc8 41. Rh7+ Kg8 42. Qh3 Bg5+ 43. Kb1 Rd8 44. Rh8+ 1-0

[Event "NCA-ch (Women)"]
[Site "Managua"]
[Date "2019.04.14"]
[Round "8"]
[White "Leon Sandoval, Johan"]
[Black "Alvarez Gutierrez, Patricia"]
[Result "1/2-1/2"]
[WhiteElo "1642"]
[BlackElo "1638"]
[PlyCount "93"]
[EventDate "2019.03.30"]
[EventType "tourn"]
[EventRounds "9"]
[EventCountry "NCA"]
[SourceTitle "CBM 190 Extra"]
[Source "ChessBase"]
[SourceDate "2019.07.15"]
[SourceVersion "1"]
[SourceVersionDate "2019.07.15"]
[SourceQuality "1"]

1. c4 c6 2. Nc3 d5 3. cxd5 cxd5 4. d4 Nf6 5. g3 Bf5 6. Bg2 e6 7. Nf3 a6 8. h3 Bd6 9. Nh4 Bg6 10. Nxg6 hxg6 11. a3 Nbd7 12. b4 b5 13. Bb2 Nb6 14. 0-0 Nc4 15. Rb1 Rc8 16. Qd3 0-0 17. Bc1 Qb6 18. a4 Rc7 19. axb5 axb5 20. Bg5 Rfc8 21. Rfc1 Be7 22. Bxf6 Bxf6 23. e3 Nd6 24. Qd2 Nc4 25. Qd3 Nd6 26. Rb3 Nc4 27. Ra1 Kf8 28. Kh2 Kg8 29. Bxd5 Ra7 30. Rxa7 Qxa7 31. Nxb5 Qa2 32. Bg2 Qxf2 33. Rc3 Nd2 34. Rxc8+ Kh7 35. e4 Bg5 36. Rc2 Be3 37. Rc1 Nf3+ 38. Kh1 Ne1 39. Rxe1 Qxe1+ 40. Qf1 Qxg3 41. Nc3 Bf4 42. Qg1 Qxc3 43. d5 Qxb4 44. Qf1 Be5 45. Qf2 Qb1+ 46. Qf1 Qxf1+ 47. Bxf1 1/2-1/2

[Event "Olympiad Women-43"]
[Site "Batumi"]
[Date "2018.10.05"]
[Round "11.1"]
[White "Leon Sandoval, Johan"]
[Black "Vazquez Maccarini, Danitza"]
[Result "0-1"]
[WhiteElo "1708"]
[BlackElo "2082"]
[PlyCount "110"]
[EventDate "2018.09.24"]
[EventType "team-swiss"]
[EventRounds "11"]
[EventCountry "GEO"]
[SourceTitle "EXT 2020"]
[Source "ChessBase"]
[SourceDate "2019.10.17"]
[SourceVersion "1"]
[SourceVersionDate "2019.10.17"]
[SourceQuality "1"]
[WhiteTeam "Nicaragua (W)"]
[BlackTeam "Puerto Rico (W)"]
[WhiteTeamCountry "NCA"]
[BlackTeamCountry "PUR"]

1. c4 e5 2. Nc3 Nc6 3. g3 Nf6 4. Bg2 Bc5 5. e3 d6 6. Nge2 a6 7. 0-0 0-0 8. d4 Ba7 9. d5 Ne7 10. Qc2 Bf5 11. e4 Bg6 12. Bg5 Nd7 13. Qb3 Nc5 14. Qd1 f5 15. exf5 Bxf5 16. Be3 Ng6 17. b4 Nd7 18. Bxa7 Rxa7 19. Ne4 Bxe4 20. Bxe4 Qg5 21. Qd3 Nf4 22. Nxf4 exf4 23. Bxh7+ Kh8 24. Be4 Ne5 25. Qd4 Raa8 26. Kh1 f3 27. Bd3 Rf6 28. Rfd1 Rh6 29. Bf1 Rxh2+ 30. Kxh2 Ng4+ 31. Qxg4 Qxg4 32. Bh3 Qxc4 33. Be6 Qxb4 34. Rh1 g6 35. Kg1+ Kg7 36. Rc1 c5 37. dxc6 bxc6 38. Rh4 Qd2 39. Rb1 Ra7 40. Rhb4 Re7 41. Re4 d5 42. Re3 Qxa2 43. Rbe1 Qd2 44. Kf1 Re8 45. Rxf3 Rf8 46. Rxf8 Kxf8 47. Bd7 c5 48. Re8+ Kf7 49. Rc8 Qd3+ 50. Kg1 c4 51. Rc7 Kf6 52. Rc6+ Ke7 53. Bc8 c3 54. Bxa6 Qd1+ 55. Kg2 c2 0-1

[Event "Olympiad Women-43"]
[Site "Batumi"]
[Date "2018.10.02"]
[Round "8.2"]
[White "Leon Sandoval, Johan"]
[Black "Lohani, Sujana"]
[Result "0-1"]
[WhiteElo "1708"]
[BlackElo "1537"]
[PlyCount "68"]
[EventDate "2018.09.24"]
[EventType "team-swiss"]
[EventRounds "11"]
[EventCountry "GEO"]
[SourceTitle "EXT 2020"]
[Source "ChessBase"]
[SourceDate "2019.10.17"]
[SourceVersion "1"]
[SourceVersionDate "2019.10.17"]
[SourceQuality "1"]
[WhiteTeam "Nicaragua (W)"]
[BlackTeam "Nepal (W)"]
[WhiteTeamCountry "NCA"]
[BlackTeamCountry "NEP"]

1. c4 Nf6 2. g3 g6 3. Bg2 Bg7 4. Nf3 0-0 5. 0-0 c6 6. Nc3 d6 7. d4 Nbd7 8. Qc2 e5 9. dxe5 Nxe5 10. Nxe5 dxe5 11. Rd1 Qc7 12. b3 Bf5 13. e4 Bg4 14. Rd3 Rad8 15. f3 Be6 16. Be3 Rxd3 17. Qxd3 Rd8 18. Qc2 Qa5 19. Rc1 Bf8 20. Qf2 Rd3 21. Nb1 Rxe3 22. Kf1 Bc5 23. Qc2 Qd8 24. Rd1 Qe7 25. Qc1 Nxe4 26. Qc2 Qf6 27. Rd3 Rxd3 28. Qxd3 Ng5 29. Qe2 e4 30. f4 Qd4 31. Ke1 Nf3+ 32. Bxf3 exf3 33. Qxf3 Bb4+ 34. Kf1 Bh3+ 0-1

[Event "Olympiad Women-43"]
[Site "Batumi"]
[Date "2018.09.24"]
[Round "1.26"]
[White "Tsolakidou, Stavroula"]
[Black "Leon Sandoval, Johan"]
[Result "1-0"]
[WhiteElo "2393"]
[BlackElo "1708"]
[PlyCount "69"]
[EventDate "2018.09.24"]
[EventType "team-swiss"]
[EventRounds "11"]
[EventCountry "GEO"]
[SourceTitle "EXT 2020"]
[Source "ChessBase"]
[SourceDate "2019.10.17"]
[SourceVersion "1"]
[SourceVersionDate "2019.10.17"]
[SourceQuality "1"]
[WhiteTeam "Greece (W)"]
[BlackTeam "Nicaragua (W)"]
[WhiteTeamCountry "GRE"]
[BlackTeamCountry "NCA"]

1. d4 Nf6 2. c4 g6 3. Nc3 Bg7 4. e4 d6 5. Be2 0-0 6. Bg5 Nbd7 7. Qd2 c5 8. Nf3 cxd4 9. Nxd4 a5 10. f3 Re8 11. 0-0 Nc5 12. Ndb5 Bd7 13. Be3 b6 14. b3 Bc6 15. Rab1 Nfd7 16. Rfd1 Qb8 17. Bf1 Qb7 18. Nd4 Ne5 19. Nd5 e6 20. Nc3 Rad8 21. a3 f5 22. exf5 exf5 23. Nxc6 Nxc6 24. b4 axb4 25. axb4 Ne6 26. Nb5 Be5 27. f4 Bg7 28. Nxd6 Qc7 29. Nxe8 Rxd2 30. Nxc7 Rxd1 31. Rxd1 Nxc7 32. Bxb6 Ne6 33. Rd6 Ncd4 34. c5 Nxf4 35. c6 1-0

[Event "NCA-ch (Women)"]
[Site "Managua"]
[Date "2018.04.15"]
[Round "5"]
[White "Leon Sandoval, Johan"]
[Black "Becker, Sonja Christine"]
[Result "1-0"]
[WhiteElo "1699"]
[BlackElo "1490"]
[PlyCount "105"]
[EventDate "2018.04.07"]
[EventType "tourn"]
[EventRounds "9"]
[EventCountry "NCA"]
[SourceTitle "EXT 2019"]
[Source "ChessBase"]
[SourceDate "2018.10.10"]
[SourceVersion "1"]
[SourceVersionDate "2018.10.10"]
[SourceQuality "1"]

1. c4 e5 2. Nc3 Nc6 3. g3 Nf6 4. Bg2 Be7 5. Nf3 0-0 6. 0-0 Rb8 7. d3 a6 8. a3 b5 9. b4 d5 10. cxd5 Nxd5 11. Nxd5 Qxd5 12. Bb2 e4 13. Nd2 f5 14. dxe4 fxe4 15. Bxe4 Qd6 16. Qc2 Bh3 17. Rfd1 Nd4 18. Bxh7+ Kh8 19. Bxd4 Qxd4 20. Nf3 Qf6 21. Be4 g5 22. e3 g4 23. Nh4 Kg7 24. Nf5+ Kh8 25. Nxe7 Qxe7 26. Qc3+ Rf6 27. Bc6 Rb6 28. Bd5 Rbd6 29. Bh1 Kg8 30. Qb3+ Kh7 31. Qc2+ Kg8 32. Rac1 Rxd1+ 33. Rxd1 Rd6 34. Rxd6 Qxd6 35. Be4 Qf6 36. Bd5+ Kh8 37. Qc1 Qe5 38. Qd1 Qd6 39. Qd4+ Kh7 40. Be4+ Kg8 41. Qxd6 cxd6 42. Bb7 Kf7 43. Bxa6 Ke6 44. Bxb5 d5 45. a4 Kd6 46. Bd3 Kc6 47. a5 Kb7 48. Bf1 Bxf1 49. Kxf1 Kc6 50. Ke2 Kb5 51. f3 gxf3+ 52. Kxf3 Kc6 53. h4 1-0

[Event "Managua Dario Memorial-B 1st"]
[Site "Managua"]
[Date "2017.05.14"]
[Round "6"]
[White "Flores, Manuel"]
[Black "Leon Sandoval, Johan"]
[Result "1-0"]
[WhiteElo "2019"]
[BlackElo "1734"]
[PlyCount "69"]
[EventDate "2017.05.06"]
[EventType "tourn"]
[EventRounds "9"]
[EventCountry "NCA"]
[SourceTitle "EXT 2018"]
[Source "ChessBase"]
[SourceDate "2017.10.13"]
[SourceVersion "1"]
[SourceVersionDate "2017.10.13"]
[SourceQuality "1"]

1. d4 d6 2. e4 g6 3. f4 Bg7 4. Nf3 c5 5. Bb5+ Bd7 6. Bxd7+ Nxd7 7. c3 cxd4 8. cxd4 Ngf6 9. Nc3 Rc8 10. e5 dxe5 11. fxe5 Ng8 12. 0-0 e6 13. Nb5 Ra8 14. Nd6+ Ke7 15. Ng5 f6 16. Qb3 Nf8 17. Ngf7 Qc7 18. Nxh8 Bxh8 19. Bf4 Qb6 20. Qxb6 axb6 21. a3 Nd7 22. exf6+ Bxf6 23. Rad1 Ra4 24. Nb5 Rc4 25. Bd6+ Kd8 26. Rfe1 Nh6 27. Rxe6 Nf5 28. Be5 Bg5 29. Nd6 Be3+ 30. Kf1 Nxd6 31. Bxd6 Rxd4 32. Re1 Nc5 33. Be7+ Kd7 34. R6xe3 Rf4+ 35. Kg1 1-0

[Event "NCA-ch (Women)"]
[Site "Managua"]
[Date "2017.04.02"]
[Round "5"]
[White "Leon Sandoval, Johan"]
[Black "Moraga, Maria"]
[Result "1-0"]
[WhiteElo "1709"]
[BlackElo "1709"]
[PlyCount "105"]
[EventDate "2017.03.25"]
[EventType "tourn"]
[EventRounds "7"]
[EventCountry "NCA"]
[SourceTitle "EXT 2018"]
[Source "ChessBase"]
[SourceDate "2017.10.13"]
[SourceVersion "1"]
[SourceVersionDate "2017.10.13"]
[SourceQuality "1"]

1. c4 e5 2. Nc3 Nf6 3. g3 d5 4. cxd5 Nxd5 5. Bg2 Nxc3 6. bxc3 Nc6 7. Nf3 Bc5 8. 0-0 0-0 9. d3 Bg4 10. h3 Be6 11. Rb1 Bb6 12. c4 Rb8 13. Ng5 Bd7 14. Ne4 Qc8 15. c5 Ba5 16. Kh2 f5 17. Nd2 Kh8 18. Nb3 Rf6 19. Nxa5 Nxa5 20. Bb2 f4 21. Bxe5 Rh6 22. Bxf4 Rh5 23. h4 Rxc5 24. Be3 Re5 25. Bxa7 Ra8 26. Bd4 Re7 27. Qd2 Nc6 28. Bc3 Qe8 29. Qg5 b6 30. Rb2 Qf7 31. Be4 Ra3 32. Bxc6 Rxc3 33. Bxd7 Rxd7 34. Qb5 Rd5 35. Qa6 Qf8 36. Qb7 Rdc5 37. Kg2 h6 38. d4 R5c4 39. e3 Rc2 40. Rxc2 Rxc2 41. Qd5 Qa3 42. Qb3 Qa8+ 43. d5 Rxa2 44. Rc1 Ra7 45. Rc6 Qe8 46. Qc2 Qe5 47. e4 b5 48. Re6 Qd4 49. Re8+ Kh7 50. e5+ g6 51. Re7+ Kh8 52. Qxg6 Qxd5+ 53. Kh2 1-0

[Event "NCA-ch sf (Women)"]
[Site "Managua"]
[Date "2017.03.12"]
[Round "6"]
[White "Leon Sandoval, Johan"]
[Black "Narvaez Talavera, Joanie Ellen"]
[Result "0-1"]
[WhiteElo "1709"]
[BlackElo "1554"]
[PlyCount "124"]
[EventDate "2017.03.04"]
[EventType "tourn"]
[EventRounds "9"]
[EventCountry "NCA"]
[SourceTitle "EXT 2018"]
[Source "ChessBase"]
[SourceDate "2017.10.13"]
[SourceVersion "1"]
[SourceVersionDate "2017.10.13"]
[SourceQuality "1"]

1. c4 c5 2. Nf3 Nf6 3. d4 cxd4 4. Nxd4 Nc6 5. Nc3 g6 6. g3 Bg7 7. Bg2 0-0 8. 0-0 Qc7 9. Ndb5 Qd8 10. h3 d6 11. Be3 a6 12. Nd4 Bd7 13. Rc1 Nxd4 14. Bxd4 Bc6 15. Nd5 Nxd5 16. cxd5 Bd7 17. Bxg7 Kxg7 18. Qd4+ Kg8 19. Rc3 Qa5 20. a3 Rac8 21. Rfc1 Rxc3 22. Rxc3 Rc8 23. b4 Qa4 24. e4 Rxc3 25. Qxc3 Qd1+ 26. Kh2 Qe2 27. Qf3 Qxf3 28. Bxf3 Kg7 29. Be2 f5 30. exf5 Bxf5 31. g4 Be4 32. Bc4 Kf6 33. f4 Bc2 34. Kg3 g5 35. Kf3 h6 36. Ke3 Ba4 37. Ba2 Bb5 38. Ke4 Bf1 39. Kf3 gxf4 40. Kxf4 Bxh3 41. Bc4 Bg2 42. Kg3 Be4 43. Kf4 Bg6 44. a4 Be8 45. a5 Bd7 46. Be2 e6 47. dxe6 Kxe6 48. Ke4 Bc6+ 49. Kd4 Kf6 50. Bd1 Kg5 51. Be2 Kf4 52. Bd1 Bf3 53. Bxf3 Kxf3 54. Kd5 Kxg4 55. Kxd6 h5 56. Kc7 h4 57. Kxb7 h3 58. b5 h2 59. bxa6 h1Q+ 60. Kb6 Qa8 61. a7 Kf5 62. a6 Ke6 0-1